000 00502cam a22002054a 4500
005 20250605164315.0
008 250528s ||||||||||||||||||||||||d
035 _a22670
020 _a9780321210258
040 _aGR-AtMCL
_bgre
_dGR-AtMCL
_eAACR2
245 1 _aDATABASE SYSTEMS
250 _a4
260 _bAddison-Wesley Publishing Company,
_c2002
300 _a1374
700 1 _aBegg Carolyn
_91902
700 1 _aConnolly Thomas
_91903
942 _cBK
999 _c7718
_d7718